VakıfBank Women's Volleyball Team Roster 2023/2024 Season - Statistics

General Stats
  • This quiz has been taken 41 times
  • The average score is 10 of 16
Answer Stats
No. Nation Position Player % Correct
3 Turkey S Cansu Özbay
94%
10 Brazil OH Gabriela Guimarães
88%
18 Turkey MB Zehra Güneş
88%
23 United States OP Jordan Thompson
78%
7 United States MB Chiaka Ogbogu
72%
(-) Italy Head Coach Giovanni Guidetti
72%
5 Turkey L Ayça Aykaç Altıntaş
69%
1 United States OH Alexandra Frantti
63%
17 Turkey OH Derya Cebecioğlu
59%
14 Turkey OP Alexia Căruțașu
53%
12 Serbia OH Bianka Buša
53%
20 Netherlands S Sarah Van Aalen
53%
21 Turkey MB Bahar Akbay
50%
16 Turkey L Aylin Sarıoğlu Acar
44%
11 Turkey OH İdil Naz Başcan
34%
13 Turkey MB Zeynep Sude Demirel
34%
No matching quizzes found
Score Distribution
Percent of People with Each Score
Percentile by Number Answered
Your Score History
You have not taken this quiz